Wszyscy zwycięzcy Ekstraklasy - nagła śmierć - Statystyki

Ogólne statystyki
  • Ten quiz został rozwiązany 554 razy
  • Średni wynik to 12 z 20
Answers on the Grid
Answers color-coded by a green-red scale on the quiz's grid according to % correct below.
Wieczysta Kraków
Puszcza Niepołomice
Korona Kielce
Wisła Kraków
Lech Poznań
Radomiak Radom
Odra Opole
Ruch Chorzów
Warta Poznań
Stal Mielec
Elana Toruń
Sandecja Nowy Sącz
GKS Katowice
ŁKS Łódź
Polonia Warszawa
Górnik Zabrze
arka gdynia
Legia Warszawa
Motor Lublin
Polonia Bytom
Zagłębie Lubin
Piast Gliwice
Zawisza Bydgoszcz
Lechia Gdańsk
Garbarnia Kraków
Raków Częstochowa
Miedź Legnica
Odra Wodzisław
Cracovia Kraków
Widzew Łódź
Szombierki Bytom
Pogoń Szczecin
Jagiellonia Białystok
Termalica Nieciecza
Śląsk Wrocław
Stal Rzeszów
Znicz Pruszków
Wisła Płock
Pogoń Lwów
Górnik Łęczna
 
Statystyki odpowiedzi
Odpowiedź % Poprawnych
Lech Poznań
94%
Wisła Kraków
94%
Ruch Chorzów
81%
Legia Warszawa
75%
Górnik Zabrze
70%
ŁKS Łódź
62%
Raków Częstochowa
62%
Jagiellonia Białystok
61%
Polonia Warszawa
59%
Piast Gliwice
58%
Cracovia Kraków
57%
Widzew Łódź
57%
Śląsk Wrocław
54%
Stal Mielec
52%
Warta Poznań
48%
Zagłębie Lubin
46%
Pogoń Lwów
43%
Szombierki Bytom
38%
Polonia Bytom
37%
Garbarnia Kraków
28%
Nie znaleziono quizów pasujących do podanych kryteriów
Rozkład punktacji
Procent ludzi z każdym wynikiem
Percentyl według liczby udzielonych odpowiedzi
Twoja historia wyników
Nie rozwiązałeś tego quizu